000 00427nam a2200181Ia 4500
008 230524s9999 xx 000 0 und d
020 _a81740903004
082 _a621.3821
_bVUR
100 _aS.N Verma
245 0 _aAutomatic Control Systems
250 _a5TH
260 _aNEW DELHI
_bKhanna
_c2004
300 _a502
500 _aQuantity Number: 2
650 _aElectrical
700 _aProf. B.S. Manke
942 _cBK
999 _c4321
_d4321